Statistics for Roma Biggest Transfers

Click here to take the quiz!

General Stats

  • This quiz has been taken 21 times
  • The average score is 107 of 300

Answer Stats

% Correct
IncomingsEnglandSTTammy Abraham21/22Chelsea
94%
OutgoingsBrazilGKAlisson Becker18/19Liverpool
88%
IncomingsBrazilGKAlisson Becker16/17Internacional
88%
OutgoingsGermanyCBAntonio Rudiger17/18Chelsea
88%
IncomingsGermanyCBAntonio Rudiger15/16Stuttgart
88%
IncomingsGermanyCBAntonio Rudiger16/17Stuttgart
88%
IncomingsEnglandCBChris Smalling19/20Manchester United
88%
IncomingsEnglandCBChris Smalling20/21Manchester United
88%
IncomingsEgyptRWMohamed Salah16/17Chelsea
88%
OutgoingsEgyptRWMohamed Salah17/18Liverpool
88%
IncomingsEgyptRWMohamed Salah15/16Chelsea
88%
OutgoingsCzech RepublicSTPatrik Schick19/20RB Leipzig
88%
OutgoingsCzech RepublicSTPatrik Schick20/21Bayer Leverkusen
88%
IncomingsCzech RepublicSTPatrik Schick18/19Sampdoria
88%
IncomingsBosniaSTEdin Dzeko15/16Manchester City
82%
OutgoingsBosniaSTEdin Dzeko21/22Inter Milan
82%
IncomingsBosniaSTEdin Dzeko16/17Manchester City
82%
IncomingsBrazilDMEmerson00/01Bayer Leverkusen
82%
OutgoingsBrazilDMEmerson04/05Juventus
82%
OutgoingsItalyLBEmerson Palmieri17/18Chelsea
82%
OutgoingsGreeceCBKonstantinos Manolas19/20Napoli
82%
IncomingsGreeceCBKonstantinos Manolas14/15Olympiacos
82%
OutgoingsBosniaCMMiralem Pjanic16/17Juventus
82%
IncomingsBosniaCMMiralem Pjanic11/12Lyon
82%
IncomingsArgentinaRWErik Lamela11/12River Plate
76%
OutgoingsArgentinaRWErik Lamela13/14Tottenham Hotspur
76%
IncomingsArgentinaDMLeandro Paredes15/16Boca Juniors
76%
IncomingsArgentinaDMLeandro Paredes23/24Paris Saint-Germain
76%
OutgoingsArgentinaDMLeandro Paredes17/18Zenit
76%
IncomingsItalyLBLeonardo Spinazzola19/20Juventus
76%
IncomingsBrazilAMMarquinho12/13Fluminense
76%
IncomingsBrazilCBMarquinhos12/13Corinthians
76%
OutgoingsBrazilCBMarquinhos13/14Paris Saint-Germain
76%
IncomingsMoroccoCBMedhi Benatia13/14Udinese
76%
OutgoingsMoroccoCBMedhi Benatia14/15Bayern Munich
76%
OutgoingsTurkeyRWCengiz Under22/23Marseille
71%
IncomingsTurkeyRWCengiz Under17/18Istanbul Basaksehir
71%
OutgoingsTurkeyRWCengiz Under20/21Leicester
71%
IncomingsNetherlandsCMKevin Strootman13/14PSV
71%
OutgoingsNetherlandsCMKevin Strootman18/19Marseille
71%
OutgoingsItalyAMNicolo Zaniolo22/23Galatasaray
71%
IncomingsItalyAMNicolo Zaniolo18/19Inter Milan
71%
OutgoingsBelgiumCMRadja Nainggolan18/19Inter Milan
71%
IncomingsBelgiumCMRadja Nainggolan14/15Cagliari
71%
IncomingsBelgiumCMRadja Nainggolan13/14Cagliari
71%
IncomingsItalyLWStephan El Shaarawy16/17Milan
71%
OutgoingsItalyLWStephan El Shaarawy19/20Shanghai Shenhua
71%
IncomingsRomaniaCBCristian Chivu03/04Ajax
65%
OutgoingsRomaniaCBCristian Chivu07/08Inter Milan
65%
IncomingsArgentinaSTGabriel Batistuta00/01Fiorentina
65%
OutgoingsJapanAMHidetoshi Nakata01/02Parma
65%
IncomingsJapanAMHidetoshi Nakata99/00Perugia
65%
IncomingsArgentinaAMJavier Pastore18/19Paris Saint-Germain
65%
OutgoingsSpainGKPau Lopez22/23Marseille
65%
IncomingsSpainGKPau Lopez19/20Real Betis
65%
IncomingsFranceDMSteven Nzonzi18/19Sevilla
65%
OutgoingsItalyAMValerio Verre12/13Genoa
65%
IncomingsItalyAMValerio Verre13/14Genoa
65%
OutgoingsItalyAMValerio Verre13/14Udinese
65%
IncomingsItalyLWFabio Borini11/12Parma
59%
OutgoingsItalyLWFabio Borini12/13Liverpool
59%
IncomingsIvory CoastLWGervinho13/14Arsenal
59%
OutgoingsIvory CoastLWGervinho15/16Hebei China Fortune
59%
IncomingsItalyCBGianluca Mancini20/21Atalanta
59%
OutgoingsFranceCMJordan Veretout22/23Marseille
59%
IncomingsFranceCMJordan Veretout20/21Fiorentina
59%
IncomingsNetherlandsLWJustin Kluivert18/19Ajax
59%
OutgoingsNetherlandsLWJustin Kluivert23/24Bournemouth
59%
IncomingsItalyAMLorenzo Pellegrini17/18Sassuolo
59%
OutgoingsItalyLBLuca Pellegrini19/20Juventus
59%
OutgoingsBrazilLWMancini08/09Inter Milan
59%
IncomingsUnited StatesCMMichael Bradley12/13Chievo Verona
59%
OutgoingsUnited StatesCMMichael Bradley13/14Toronto
59%
OutgoingsUruguaySTNicolas Lopez13/14Udinese
59%
IncomingsPortugalGKRui Patricio21/22Wolverhampton Wanderers
59%
OutgoingsIvory CoastSTSeydou Doumbia17/18Sporting CP
59%
IncomingsIvory CoastSTSeydou Doumbia14/15CSKA Moscow
59%
OutgoingsIvory CoastSTSeydou Doumbia16/17Basel
59%
OutgoingsItalyRBAlessandro Florenzi22/23Milan
53%
OutgoingsItalyRBAlessandro Florenzi21/22Milan
53%
IncomingsArmeniaCMHenrikh Mkhitaryan19/20Arsenal
53%
OutgoingsFranceSTJeremy Menez11/12Paris Saint-Germain
53%
IncomingsFranceSTJeremy Menez08/09Monaco
53%
IncomingsMontenegroSTMirko Vucinic07/08Lecce
53%
IncomingsMontenegroSTMirko Vucinic06/07Lecce
53%
OutgoingsMontenegroSTMirko Vucinic11/12Juventus
53%
IncomingsSwedenGKRobin Olsen18/19Kobenhavn
53%
OutgoingsSwedenGKRobin Olsen22/23Aston Villa
53%
OutgoingsBrazilCBRoger Ibanez23/24Al-Ahli
53%
IncomingsBrazilCBRoger Ibanez21/22Atalanta
53%
OutgoingsArgentinaCBWalter Samuel04/05Real Madrid
53%
IncomingsArgentinaCBWalter Samuel00/01Boca Juniors
53%
OutgoingsItalyCMAlberto Aquilani09/10Liverpool
47%
OutgoingsItalyCBAlessio Romagnoli15/16Milan
47%
OutgoingsItalyGKAndrea Romagnoli19/20Spartak Moscow
47%
OutgoingsItalySSAntonio Cassano05/06Real Madrid
47%
IncomingsItalySSAntonio Cassano01/02Bari
47%
IncomingsSpainSSBojan Krkic11/12Barcelona
47%
OutgoingsSpainSSBojan Krkic13/14Barcelona
47%
IncomingsItalyDMBryan Cristante19/20Atalanta
47%
IncomingsItalyDMBryan Cristante18/19Atalanta
47%
IncomingsNorwayLBJohn Arne Riise08/09Liverpool
47%
OutgoingsNorwayLBJohn Arne Riise11/12Fulham
47%
IncomingsBrazilCBJuan07/08Bayer Leverkusen
47%
OutgoingsParaguayLWJuan Iturbe18/19Tijuana
47%
IncomingsParaguayLWJuan Iturbe14/15Hellas Verona
47%
OutgoingsParaguayLWJuan Iturbe15/16Bournemouth
47%
IncomingsBrazilCBJuan Jesus17/18Inter Milan
47%
IncomingsNetherlandsGKMaarten Stekelenburg11/12Ajax
47%
OutgoingsNetherlandsGKMaarten Stekelenburg13/14Fulham
47%
IncomingsPortugalLBMario Rui16/17Empoli
47%
OutgoingsPortugalLBMario Rui17/18Napoli
47%
IncomingsPortugalLBMario Rui17/18Empoli
47%
OutgoingsPortugalLBMario Rui17/18Napoli
47%
IncomingsDenmarkCBSimon Kjaer11/12Wolfsburg
47%
IncomingsSerbiaAMAdem Ljajic13/14Fiorentina
41%
OutgoingsSerbiaAMAdem Ljajic16/17Torino
41%
OutgoingsSerbiaAMAdem Ljajic15/16Inter Milan
41%
OutgoingsSerbiaLBAleksandar Kolarov20/21Inter Milan
41%
IncomingsSerbiaLBAleksandar Kolarov17/18Manchester City
41%
IncomingsSpainSTBorja Mayoral20/21Real Madrid
41%
IncomingsBrazilRBCafu97/98Palmeiras
41%
OutgoingsItalySTDani Osvaldo13/14Southampton
41%
IncomingsItalySTDani Osvaldo11/12Espanyol
41%
IncomingsChileCMDavid Pizarro06/07Inter Milan
41%
IncomingsArgentinaCBFederico Fazio17/18Tottenham Hotspur
41%
IncomingsFranceCBMapou Yanga-Mbiwa14/15Newcastle United
41%
OutgoingsFranceCBMapou Yanga-Mbiwa15/16Lyon
41%
OutgoingsItalySTMattia Destro15/16Bologna
41%
IncomingsItalySTMattia Destro12/13Genoa
41%
IncomingsItalySTMattia Destro13/14Genoa
41%
OutgoingsEgyptSTMido04/05Tottenham Hotspur
41%
IncomingsEgyptSTMido04/05Marseille
41%
OutgoingsEgyptSTMido06/07Tottenham Hotspur
41%
IncomingsFranceCBPhilippe Mexes04/05Auxerre
41%
IncomingsNetherlandsRBRick Karsdorp17/18Feyenoord
41%
IncomingsBelgiumSTRomelu Lukaku23/24Chelsea
41%
IncomingsItalySTVincenzo Montella99/00Sampdoria
41%
IncomingsMexicoCBHector Moreno17/18PSV
35%
OutgoingsMexicoCBHector Moreno17/18Real Sociedad
35%
IncomingsSpainRWIago Falque15/16Genoa
35%
OutgoingsSpainRWIago Falque16/17Torino
35%
OutgoingsGreeceLBJose Holebas15/16Watford
35%
IncomingsAlbaniaCBMarash Kumbulla20/21Hellas Verona
35%
IncomingsAlbaniaCBMarash Kumbulla21/22Hellas Verona
35%
IncomingsItalySTMarco Delvecchio95/96Inter Milan
35%
IncomingsBrazilRWPaulo Sergio97/98Bayer Leverkusen
35%
OutgoingsBrazilRWPaulo Sergio99/00Bayern Munich
35%
IncomingsGermanySTRudi Voller87/88Werder Bremen
35%
OutgoingsColombiaSSVictor Ibarbo15/16Watford
35%
IncomingsColombiaSSVictor Ibarbo14/15Cagliari
35%
IncomingsColombiaSSVictor Ibarbo15/16Cagliari
35%
IncomingsTurkeyRBZeki Celik22/23Lille
35%
OutgoingsGuineaDMAmadou Diawara22/23Anderlecht
29%
IncomingsGuineaDMAmadou Diawara19/20Napoli
29%
OutgoingsBrazilRBBruno Peres18/19Sao Paulo
29%
IncomingsBrazilRBBruno Peres17/18Torino
29%
IncomingsFranceSTGregoire Defrel18/19Sassuolo
29%
OutgoingsFranceSTGregoire Defrel19/20Sassuolo
29%
IncomingsFranceSTGregoire Defrel17/18Sassuolo
29%
OutgoingsFranceSTGregoire Defrel18/19Sampdoria
29%
OutgoingsFranceSTGregoire Defrel20/21Sassuolo
29%
IncomingsFranceLBLucas Digne15/16Paris Saint-Germain
29%
IncomingsFranceRWLudovic Giuly07/08Barcelona
29%
OutgoingsFranceRWLudovic Giuly08/09Paris Saint-Germain
29%
IncomingsUruguayLBMatias Vina21/22Palmeiras
29%
IncomingsArgentinaCBNicolas Burdisso10/11Inter Milan
29%
IncomingsItalyAMSimone Perrotta04/05Chievo Verona
29%
OutgoingsCroatiaCBTin Jedvaj14/15Bayer Leverkusen
29%
IncomingsCroatiaCBTin Jedvaj13/14Dinamo Zagreb
29%
IncomingsBrazilCBAldair90/91Benfica
24%
OutgoingsItalyGKAngelo Peruzzi91/92Juventus
24%
IncomingsParaguaySTAntonio Sanabria14/15Sassuolo
24%
OutgoingsParaguaySTAntonio Sanabria16/17Real Betis
24%
IncomingsItalyRBChristian Panucci02/03Monaco
24%
IncomingsBrazilRBCicinho07/08Real Madrid
24%
IncomingsArgentinaLWDiego Perotti16/17Genoa
24%
OutgoingsUzbekistanSTEldor Shomurodov22/23Spezia
24%
IncomingsUzbekistanSTEldor Shomurodov21/22Genoa
24%
IncomingsItalyLBFederico Balzaretti12/13Palermo
24%
IncomingsFranceCBJonathan Zebina00/01Cagliari
24%
IncomingsBrazilAMJulio Baptista08/09Real Madrid
24%
OutgoingsBrazilAMJulio Baptista10/11Malaga
24%
IncomingsSwedenSTMartin Dahlin96/97Borussia Monchengladbach
24%
OutgoingsSwedenSTMartin Dahlin97/98Blackburn Rovers
24%
IncomingsFranceLBVincent Candela96/97Guingamp
24%
IncomingsBrazilCBAntonio Carlos Zago98/99Corinthians
18%
IncomingsItalyGKAntonio Mirante18/19Bologna
18%
IncomingsUnited StatesRBBryan Reynolds21/22Dallas
18%
OutgoingsUnited StatesRBBryan Reynolds23/24Westerlo
18%
IncomingsSpainRWCarles Perez20/21Barcelona
18%
OutgoingsSpainRWCarles Perez23/24Celta Vigo
18%
IncomingsItalyLBDavide Santon18/19Inter Milan
18%
OutgoingsRussiaCMDmitri Alenichev00/01Porto
18%
IncomingsRussiaCMDmitri Alenichev98/99Spartak Moscow
18%
OutgoingsBrazilLBDodo14/15Inter Milan
18%
OutgoingsBrazilLBDodo16/17Inter Milan
18%
OutgoingsBrazilCMGerson19/20Flamengo
18%
IncomingsBrazilCMGerson16/17Fluminense
18%
IncomingsBrazilCBLeandro Castan12/13Corinthians
18%
IncomingsItalySTMarco Borriello11/12Milan
18%
IncomingsItalyRBMarco Cassetti06/07Lecce
18%
OutgoingsBrazilCMMarcos Assuncao02/03Real Betis
18%
IncomingsItalyCMMatteo Brighi04/05Juventus
18%
OutgoingsNorwayRWOla Solbakken23/24Olympiacos
18%
IncomingsFranceDMOlivier Dacourt03/04Leeds United
18%
OutgoingsDR CongoSTShabani Nonda07/08Galatasaray
18%
IncomingsSerbiaCBSinisa Mihajlovic92/93Crvena Zvezda
18%
OutgoingsSerbiaCBSinisa Mihajlovic94/95Sampdoria
18%
OutgoingsGermanyAMThomas Haßler94/95Karlsruher
18%
IncomingsGermanyAMThomas Haßler91/92Juventus
18%
OutgoingsItalyRBAleandro Rosi09/10Siena
12%
OutgoingsItalyCMAndrea Bertolacci12/13Genoa
12%
IncomingsItalyCMAndrea Bertolacci15/16Genoa
12%
OutgoingsItalyCMAndrea Bertolacci15/16Milan
12%
IncomingsCroatiaAMAnte Coric18/19Dinamo Zagreb
12%
OutgoingsBosniaDMBenjamin Tahirovic23/24Ajax
12%
OutgoingsItalyDMCristiano Zanetti01/02Inter Milan
12%
OutgoingsItalyCMDavide Frattesi17/18Sassuolo
12%
IncomingsBosniaCBErvin Zukanovic16/17Sampdoria
12%
OutgoingsBosniaCBErvin Zukanovic18/19Genoa
12%
IncomingsBrazilSTFabio Junior98/99Cruzeiro
12%
OutgoingsItalyRWFederico Ricci17/18Sassuolo
12%
OutgoingsGhanaSTFelix Afena-Gyan22/23Cremonese
12%
OutgoingsBrazilDMFrancisco Lima04/05Lokomotiv Moscow
12%
OutgoingsItalyGKGianluca Curci08/09Siena
12%
OutgoingsSpainCMGonzalo Villar23/24Granada
12%
IncomingsSpainCMGonzalo Villar19/20Elche
12%
OutgoingsSpainCBIvan Marcano19/20Porto
12%
OutgoingsEquatorial GuineaCMJose Machin18/19Pescara
12%
OutgoingsPolandGKLukasz Skorupski18/19Bologna
12%
IncomingsItalyCBMarco Andreolli07/08Inter Milan
12%
OutgoingsItalyRWMatteo Politano16/17Sassuolo
12%
OutgoingsSerbiaDMNemanja Matic23/24Rennes
12%
OutgoingsItalyLBRiccardo Calafiori22/23Basel
12%
IncomingsNigeriaSTUmar Sadiq16/17Spezia
12%
OutgoingsNigeriaSTUmar Sadiq19/20Partizan Belgrade
12%
OutgoingsItalyRWAlessio Cerci10/11Fiorentina
6%
OutgoingsItalyLBAmedeo Carboni97/98Valencia
6%
IncomingsSpainCBCesar Gomez97/98Tenerife
6%
IncomingsSpainLBCote11/12Sporting Gijon
6%
OutgoingsItalyGKCristiano Lupatelli01/02Chievo Verona
6%
OutgoingsItalyAMCristian Volpato23/24Sassuolo
6%
OutgoingsUruguaySTDaniel Fonseca97/98Juventus
6%
IncomingsArgentinaSTEzequiel Ponce15/16Newell's Old Boys
6%
OutgoingsArgentinaSTEzequiel Ponce19/20Spartak Moscow
6%
OutgoingsItalyRBFilippo Missori23/24Sassuolo
6%
OutgoingsItalyCBFrancesco Colonnese97/98Inter Milan
6%
OutgoingsItalySSGianluca Caprari12/13Pescara
6%
OutgoingsItalySSGianluca Caprari13/14Pescara
6%
IncomingsUruguayDMGianni Guigou00/01Nacional
6%
OutgoingsSpainCBIvan Helguera97/98Espanyol
6%
OutgoingsItalyGKMarco Amelia01/02Livorno
6%
IncomingsItalyRBMarco Motta09/10Udinese
6%
OutgoingsItalyRBMarco Motta10/11Udinese
6%
OutgoingsItalySTMarco Tumminello18/19Atalanta
6%
OutgoingsFranceDMMaxime Gonalons20/21Granada
6%
IncomingsFranceDMMaxime Gonalons17/18Lyon
6%
OutgoingsTurkeyCBMert Cetin21/22Hellas Verona
6%
IncomingsTurkeyCBMert Cetin19/20Genclerbirligi
6%
OutgoingsItalyCBMichele Somma15/16Brescia
6%
OutgoingsSerbiaLWNemanja Radonjic17/18Crvena Zvezda
6%
IncomingsSerbiaLWNemanja Radonjic15/16Empoli
6%
OutgoingsItalyLWRiccardo Ciervo22/23Sassuolo
6%
IncomingsTurkeyCMSalih Ucan14/15Fenerbahce
6%
IncomingsBelarusRBSergei Gurenko99/00Lokomotiv Moscow
6%
OutgoingsGermanyCBThomas Berthold91/92Bayern Munich
6%
IncomingsNigeriaRBAbdullahi Nura16/17Spezia
0%
OutgoingsItalyLBAboudramane Diaby21/22Chievo Verona
0%
IncomingsGhanaDMAhmed Barusso07/08Rimini
0%
IncomingsItalySTAndrea Carnevale90/91Napoli
0%
OutgoingsItalyCBCesare Bovo06/07Palermo
0%
OutgoingsItalyCMDaniele Galloppa07/08Siena
0%
OutgoingsItalyCBFederico Barba13/14Empoli
0%
OutgoingsItalyDMFederico Viviani15/16Hellas Verona
0%
OutgoingsItalyAMFranco Brienza02/03Palermo
0%
OutgoingsItalyCMGaetano D'Agostino06/07Udinese
0%
OutgoingsItalyCMGaetano D'Agostino01/02Bari
0%
OutgoingsItalyLWGiammario Piscitella13/14Pescara
0%
OutgoingsItalyLWGiammario Piscitella12/13Genoa
0%
OutgoingsItalyRBGianluca Comotto06/07Torino
0%
IncomingsMoroccoCMIsmail H'Maidat15/16Brescia
0%
OutgoingsItalyGKIvan Pelizzoli06/07Reggina
0%
IncomingsItalyGKIvan Pelizzoli01/02Atalanta
0%
OutgoingsGreeceSTLampros Choutos99/00Olympiacos
0%
OutgoingsArgentinaLBLeandro Cufre06/07Monaco
0%
IncomingsArgentinaLBLeandro Cufre01/02Gimnasia
0%
OutgoingsItalyDMLuca Mazzitelli15/16Sassuolo
0%
OutgoingsItalyCMManuele Blasi01/02Perugia
0%
OutgoingsItalyRWMarco D'Alessandro14/15Atalanta
0%
IncomingsItalyCBMatteo Ferrari04/05Parma
0%
IncomingsItalyRWMauro Esposito07/08Cagliari
0%
IncomingsGreeceDMPanagiotis Tachtsidis12/13Genoa
0%
OutgoingsGreeceDMPanagiotis Tachtsidis13/14Genoa
0%
OutgoingsItalyLBRiccardo Marchizza17/18Sassuolo
0%
OutgoingsArgentinaCBRoberto Trotta97/98River Plate
0%
IncomingsItalyCBSimone Loria08/09Siena
0%
OutgoingsItalyLWStefano Guberti10/11Sampdoria
0%
OutgoingsBrazilDMVagner00/01Celta Vigo
0%
IncomingsBrazilDMVagner97/98Santos
0%

Score Distribution

Percentile by Number Answered

Percent of People with Each Score

Your Score History

You have not taken this quiz